South Africa 1987-1988

Saved in:
Bibliografiske detaljer
Format: Bog
Sprog:engelsk
Udgivet: Pretoria Publications Division of the South African Department of Foreign Affairs 1988
Udgivelse:13a. ed
Fag:
Tags: Tilføj Tag
Ingen Tags, Vær først til at tagge denne postø!

MARC

LEADER 00000nam a2200000 a 4500
001 UCX0299
003 CL-VaPUC
008 890922e19880000SA |||||||||||||||||eng|d
082 0 4 |a 050  |b SOU  |2 21 
245 1 0 |a South Africa 1987-1988 
246 1 0 |a Official yearbook of the Republic of South Africa 
250 |a 13a. ed 
300 |a 831 p 
942 |c BK 
945 |d 19890922 00:00:00 
260 |a Pretoria  |b Publications Division of the South African Department of Foreign Affairs  |c 1988 
650 7 |a DIRECTORIOS  |2 CL-VaPUC  |9 257460 
651 7 |a SUDAFRICA  |2 CL-VaPUC  |9 261695 
583 |a last modification  |c 19890922 00:00:00  |k Rodrigo Vera 
999 |c 221937  |d 221935 
952 |0 0  |1 0  |4 0  |6 050_000000000000000_SOU_1988  |7 0  |8 A  |9 216021  |a BIBHIS  |b BIBHIS  |d 2019-11-15  |i 2846012  |o 050 SOU 1988  |p 2846012  |r 2025-01-20  |w 2019-11-15  |y BK  |k HIS